| 000 | 00555nam a22001817a 4500 | ||
|---|---|---|---|
| 005 | 20260428083002.0 | ||
| 008 | 260428b |||||||| |||| 00| 0 eng d | ||
| 040 | _aDLSCC | ||
| 041 | _aasm | ||
| 041 | _aeng | ||
| 110 |
_aASSEB _bBusiness Studies |
||
| 245 | _aHs 1st year Business Studies 2026 | ||
| 260 |
_aASSAM: _bAssam State School Education Board; _c2026 |
||
| 300 | _a11p. | ||
| 650 | _aBusiness Studies | ||
| 856 |
_uhttps://drive.google.com/file/d/1KCw4yt5_FTVLozCb_s2ssej3q8Xo08P_/view?usp=sharing _yCLICK TO VIEW ONLINE |
||
| 942 |
_2ddc _cQP |
||
| 999 |
_c16433 _d16433 |
||